Statistics for Most Populous Assassin's Creed Cities

Click here to take the quiz!

General Stats

  • This quiz has been taken 135 times
    (111 since last reset)
  • The average score is 7 of 14

Answer Stats

Modern-day PopulationCity% Correct
22,000,000New York City
84%
14,400,000London
76%
11,200,000Paris
68%
14,000,000Istanbul
64%
2,860,000Rome
59%
4,180,000Boston
45%
380,000Florence
44%
2,110,000Havana
44%
350,000Venice
39%
870,000Jerusalem
36%
1,400,000Damascus
32%
600,000Kingston
32%
250,000Nassau
26%
115,000Forlì
18%

Score Distribution

Percentile by Number Answered

Percent of People with Each Score

Your Score History

You have not taken this quiz since the last reset